000 01297 a2200241 4500
001 2162214035926634
003 UA-OsUOA
005 20260330120555.0
008 260311b -ur||||| |||| 00| 0 rus d
040 _aUA-OsUOA
_brus
_cUA-OsUOA
_dUA-OsUOA
041 _arus
080 _a821.161.1
090 _a821.161.1
_bН62
100 _aНикитин А.
_924402
245 _aТочка зрения
_bдокументальная повесть
_cАндрей Никитин
260 _aМосква
_bСоветский писатель
_c1984
300 _a416 с.
520 _aНа основе многолетних разысканий А. Никитин рассказывает о загадочных сюжетах истории древней и средневековой Руси: о плаваниях скандинавов и неведомую страну Биармию на севере Европы, о причинах споров вокруг "Слова о полку Игореве" и о тайне опричины Ивана Грозного.
650 _a82 Література. Літературознавство
_915
942 _cBK
_2udc
955 _a4
999 _c580045
_d580045